Sports Quiz

Random Sports or Football Quiz

Rugby Positions Quiz Stats

 Plays Quiz Updated Jul 17, 2018

Score 0/15 Timer 03:00
29 Plays Today
Position % Correct
Hooker
90.7%
Scrum Half
88.4%
Fullback
88.1%
Fly Half
84%
Second Row
78.7%
Second Row
78.7%
Number 8
74.6%
Inside Centre
73.3%
Position % Correct
Outside Centre
72.9%
Left Wing
72.9%
Right Wing
72.7%
Tighthead Prop
72.6%
Loosehead Prop
68.3%
Openside Flanker
62.1%
Blindside Flanker
61.5%

You're not logged in!

Compare scores with friends on all Sporcle quizzes.
OR
Log In

Sporcle TV

Today on Sporcle TV


Watch our educational content, quiz creation guides, and fun videos on Sporcle TV.

Show Comments

Extras

Top Quizzes Today


Score Distribution

Your Account Isn't Verified!

In order to create a playlist on Sporcle, you need to verify the email address you used during registration. Go to your Sporcle Settings to finish the process.

Report this User

Report this user for behavior that violates our Community Guidelines.

Details: